Los últimos días de Pompeya / (Registro nro. 10798)

Detalles MARC
000 -LIDER
fixed length control field 00946nam a2200313 4500
001 - NÚMERO DE CONTROL
Identificador de número de control o0001288
003 - IDENTIFICACDOR DE NÚMERO DE CONTROL
control field DO-SdBPM
005 - DATE AND TIME OF LATEST TRANSACTION
control field 20250120093802.0
007 - CAMPOS FIJOS DE DESCRIPCIÓN FÍSICA
fixed length control field o0001288
008 - ELEMENTOS DE LONGITUD FIJA
fixed length control field 990722s1988 sp | || ||spa
017 ## - NÚMERO DE REGISTRO DE DERECHOS DE AUTOR
Copyright or legal deposit number
Assigning agency
020 ## - ISBN
International Standard Book Number 8432091057
035 ## - NÚMERO LOCAL
System control number
040 ## - FUENTE DE CATALOGACIÓN
Agencia que crea de manera original el registro DO-SdBPM
Idioma de catalogación spa
Agencia que realiza la transcripción BPMSU
Convenciones de la despripción
041 1# - CÓDIGOS DE OBRAS TRADUCIDAS O EN VARIOS IDIOMAS
Código del idioma del texto/archivo de sonido o separata spa
Cód. del idioma original y/o traducciones intermedias del texto
082 #4 - NÚMERO DE CLASIFICACIÓN DECIMAL DE DEWEY
Classification number 823.84
Item number L998u 1988
Edition number 22
100 1# - ASIENTO PRINCIPAL -- NOMBRE PERSONAL
Nombre personal Lytton, Edward Bulwer,
Títulos u otras palabras asociadas con el nombre Barón,
Fechas asociadas con el nombre 1803-1873
240 10 - TITULO UNIFORME
Título uniforme The last days of Pompeii
Idioma de una obra Español
245 14 - MENCIÓN DE TITULO
Título Los últimos días de Pompeya /
Mención de responsabilidad Bulwer Lytton ; traducción Alberto Clavería
Medio (Designación general de material)
260 ## - PUBLICACIÓN, DISTRIBUCIÓN, ETC. (PIE DE IMPRENTA)
Lugar de publicación, distribución, etc Madrid :
Nombre del editor, distribuidor, etc. Planeta,
Fecha de publicación, distribución, etc 1998
300 ## - DESCRIPCIÓN FÍSICA
Extensión 310 p. ;
Dimensiones 22 cm
490 0# - MENCIÓN DE SERIES
Mención de serie Biblioteca mundial de grandes aventuras
590 ## - NOTA LOCAL
Texto de la nota local Inventariado, 2025/VM
650 #4 - ENCABEZAMIENTO DE MATERIA--TEMÁTICO
Término temático o nombre geográfico como elemento de entrada Novela inglesa
650 #4 - ENCABEZAMIENTO DE MATERIA--TEMÁTICO
Término temático o nombre geográfico como elemento de entrada Desastres naturales
Subdivisión de forma Novela
700 1# - ASIENTO SECUNDARIO -- NOMBRE PERSONAL
Nombre personal Clavería, Alberto
Mención de responsabilidad traductor
910 ## - VALIDACIÓN
Validación VMateo V. Control de calidad. BPMSU
942 ## - ADDED ENTRY ELEMENTS (KOHA)
Source of classification or shelving scheme Dewey Decimal Classification
Koha item type Libros
Existencias
Withdrawn status Lost status Source of classification or shelving scheme Damaged status Not for loan Collection code Home library Current library Date acquired Source of acquisition Total Checkouts Full call number Barcode Date last seen Price effective from Koha item type
    Dewey Decimal Classification     Colección General Biblioteca Pública Metropolitana Salomé Ureña Biblioteca Pública Metropolitana Salomé Ureña 07/08/2016 ALFAGUARA   BPMSU CG 823.84 L998u 1988 BPMSU16070313 07/08/2016 07/08/2016 Libros